La Première prophétie du Professeur Trelawnay dans Harry Potter - Statistiques

Statistiques générales
  • Ce quiz a été pris 18 fois
  • Le résultat moyen est 68 sur 88
Statistiques - réponses
Première prophétie du Professeur Trelawnay % Correct
de
100%
de
100%
de
100%
de
100%
de
100%
des
100%
des
100%
des
100%
des
100%
a
94%
le
94%
le
94%
le
94%
le
94%
le
94%
le
94%
le
94%
le
94%
le
94%
Il
83%
il
83%
il
83%
83%
ne
83%
83%
pouvoir
83%
pouvoir
83%
pouvoir
83%
que
83%
que
83%
Seigneur
83%
Seigneur
83%
Seigneur
83%
Seigneur
83%
sera
83%
sera
83%
Ténèbres
83%
Ténèbres
83%
Ténèbres
83%
Ténèbres
83%
un
83%
comme
78%
et
78%
et
78%
la
78%
peut
78%
qui
78%
qui
78%
qui
78%
vaincre
78%
vaincre
78%
Celui
72%
Celui
72%
égal
72%
l'autre
72%
l'autre
72%
mais
72%
marquera
72%
son
72%
survit...
72%
tant
72%
vivre
72%
aucun
67%
aura
67%
car
67%
ceux
67%
d'eux
67%
devra
67%
mois...
67%
mois...
67%
par
67%
fois
61%
l'un
61%
main
61%
mourir
61%
trois
61%
approche...
56%
ignore...
56%
naîtra
56%
septième
56%
septième
56%
défié,
50%
détient
50%
l'ont
50%
lorsque
50%
lorsque
50%
mourra
50%
mourra
50%
Aucun quiz correspondant
Distribution des résultats
% des personnes avec chaque résultat
Percentile par nombre de réponses
Votre historique - résultats
Vous n’avez pas pris ce quiz